000
00305nam a2200109 4500
008
180215b xxu||||| |||| 00| 0 eng d
245
_a
Int'l agribusiness trade exhibit slated.
260
_a
Philippines:
_b
Manila Bulletin,
_c
c2016.
300
_a
page C-2.
650
0
_9
26498
_a
Agriculture.
942
_2
ddc
_c
PER
999
_c
8645
_d
8645